[Event "Monaco-Echiquier Bordelais"]
[Site "Montpellier"]
[Date "2008.03.15"]
[Round "8.4"]
[White "Lemeaux, David"]
[Black "Van Hoolandt, Patrick"]
[Result "1/2-1/2"]
[WhiteElo "2221"]
[BlackElo "2216"]
[PlyCount "77"]
[EventDate "2008.03.15"]

1. d4 Nf6 2. c4 e6 3. Nf3 Bb4+ 4. Nbd2 b6 5. a3 Bxd2+ 6. Bxd2 Bb7 7. Bg5 d6 8.
e3 Nbd7 9. Bd3 h6 10. Bxf6 Nxf6 11. O-O O-O 12. Nd2 c5 13. Qc2 Rc8 14. dxc5
Rxc5 15. b4 Rc7 16. Rfd1 Qe7 17. Qb2 Ng4 18. h3 Ne5 19. Bf1 f5 20. Rac1 f4 21.
e4 Rfc8 22. Qd4 Nf7 23. Be2 b5 24. Rc3 Qf6 25. Qxf6 gxf6 26. Rdc1 bxc4 27. Rxc4
Rxc4 28. Rxc4 Ne5 29. Rxc8+ Bxc8 30. Kf1 Kf7 31. Nc4 Ke7 32. Nxe5 fxe5 33. Bd3
d5 34. Ke2 Bb7 35. f3 Kd6 36. Kd2 Bc6 37. Kc3 Ba4 38. Be2 Kc6 39. Bd3 1/2-1/2

[Event "Monaco-Echiquier Bordelais"]
[Site "Montpellier"]
[Date "2008.03.15"]
[Round "8.5"]
[White "Gentilleau, Jean Philippe"]
[Black "Lagunes, Jean Renaud"]
[Result "1-0"]
[WhiteElo "2167"]
[BlackElo "2072"]
[PlyCount "47"]
[EventDate "2008.03.15"]

1. e4 d5 2. exd5 Qxd5 3. Nc3 Qa5 4. Bc4 Nf6 5. d3 Bg4 6. f3 Bd7 7. Bd2 Qb6 8.
Qe2 g6 9. O-O-O Bg7 10. g4 Bc6 11. Nh3 O-O 12. Ng5 Nd5 13. h4 Bxc3 14. bxc3 Qc5
15. Bxd5 Qa3+ 16. Kb1 Bxd5 17. c4 a5 18. cxd5 Ra6 19. Ka1 Rb6 20. Rb1 Na6 21.
Rxb6 cxb6 22. Qe5 f6 23. Qe6+ Kg7 24. Bc1 1-0

[Event "Monaco-Echiquier Bordelais"]
[Site "Montpellier"]
[Date "2008.03.15"]
[Round "8.6"]
[White "Galloux, Maxime"]
[Black "Roussiere, Christophe"]
[Result "0-1"]
[WhiteElo "2062"]
[BlackElo "2127"]
[PlyCount "116"]
[EventDate "2008.03.15"]

1. e4 e5 2. Nf3 Nc6 3. Bb5 a6 4. Ba4 Nf6 5. O-O b5 6. Bb3 Be7 7. Re1 O-O 8. a4
Bb7 9. d3 d6 10. Nbd2 Re8 11. Nf1 Bf8 12. Bd2 g6 13. c4 b4 14. a5 Rb8 15. Ba4
Nd7 16. Ne3 Nc5 17. Nd5 h6 18. Bxc6 Bxc6 19. Nxb4 Ba8 20. Bc3 Bg7 21. Nd5 Nd7
22. b4 c6 23. Ne3 Nf6 24. Nc2 Qc7 25. Qd2 Rbd8 26. Qe3 Nh5 27. d4 exd4 28. Bxd4
c5 29. Bxg7 Kxg7 30. Qc3+ f6 31. Nd2 Re5 32. b5 Rde8 33. f3 Kh7 34. Nf1 Nf4 35.
b6 Qg7 36. Qd2 g5 37. Nce3 Qd7 38. Rad1 R5e6 39. Nf5 Qc6 40. N1e3 Qa4 41. Nd5
Bxd5 42. cxd5 Re5 43. Nxd6 Rg8 44. Rc1 Qa3 45. Nc4 Qb3 46. Nxe5 fxe5 47. Rxc5
g4 48. Qc3 Qa2 49. Rc7+ Kg6 50. Qc2 Qxa5 51. Rb1 gxf3 52. g3 Qa3 53. gxf4 Kh5+
54. Kf1 Qe3 55. Qf2 Qd3+ 56. Ke1 Rg2 57. Rd1 Rg1+ 58. Qxg1 Qe2# 0-1

[Event "Monaco-Echiquier Bordelais"]
[Site "Montpellier"]
[Date "2008.03.15"]
[Round "8.7"]
[White "Birens, Eric Andre"]
[Black "Biaux, Alain"]
[Result "1-0"]
[WhiteElo "2052"]
[BlackElo "1935"]
[PlyCount "101"]
[EventDate "2008.03.15"]

1. d4 d6 2. c4 e5 3. d5 f5 4. e4 Nf6 5. exf5 Bxf5 6. Nc3 Be7 7. Nge2 O-O 8. Ng3
Bg6 9. Bd3 Bxd3 10. Qxd3 Nbd7 11. O-O Nc5 12. Qe2 c6 13. b4 Na6 14. a3 cxd5 15.
cxd5 Qd7 16. Bb2 Bd8 17. Rad1 Bb6 18. Nce4 Rac8 19. Nxf6+ gxf6 20. Kh1 Nc7 21.
f4 Ne8 22. fxe5 dxe5 23. Nf5 Nd6 24. Qg4+ Kh8 25. Qh5 Rc2 26. Qh6 Rcc8 27. Nxd6
Qxd6 28. Rf5 Qe7 29. Rdf1 Bd4 30. Bxd4 exd4 31. Qh3 Rc3 32. Qh4 Rxa3 33. Qxd4
Ra6 34. h3 Rb6 35. R1f4 Ra6 36. b5 Rb6 37. Qa4 Qc5 38. Qxa7 Rxb5 39. Qa2 Qb6
40. Rf1 Rb2 41. Qa3 Rf7 42. Qd3 Qd6 43. Qe3 Rb6 44. Qe8+ Rf8 45. Qe4 Ra6 46.
Rh5 Rf7 47. Rc1 Ra8 48. Qg4 b5 49. Rc8+ Rxc8 50. Qxc8+ Rf8 51. Qb7 1-0

[Event "Monaco-Echiquier Bordelais"]
[Site "Montpellier"]
[Date "2008.03.15"]
[Round "8.8"]
[White "Soissong, Elzbieta"]
[Black "Lebel Arias, Julia"]
[Result "0-1"]
[WhiteElo "1640"]
[BlackElo "1948"]
[PlyCount "72"]
[EventDate "2008.03.15"]

1. d4 g6 2. Nf3 Bg7 3. Nbd2 d6 4. e4 c6 5. Bd3 e5 6. c3 Nh6 7. Nc4 f6 8. Ne3
Qe7 9. O-O O-O 10. b3 d5 11. a4 Rd8 12. Ba3 Qe8 13. Qc2 Nf7 14. Rfe1 dxe4 15.
Bxe4 f5 16. Bd3 e4 17. Nf1 Qd7 18. Bc4 b5 19. Bxf7+ Qxf7 20. Ne5 Bxe5 21. dxe5
Be6 22. Nd2 Nd7 23. Bd6 Nf6 24. axb5 cxb5 25. Ra6 Ne8 26. Bc5 Rd5 27. Bd4 b4
28. Rea1 Rd7 29. Qb2 bxc3 30. Qxc3 Rc7 31. Bc5 Rac8 32. b4 Rb7 33. Qa3 Rd8 34.
Nf1 Rbd7 35. Rxa7 Rxa7 36. Bxa7 Rd4 {suite illisible} 0-1

[Event "Montpellier II-Bordeaux ASPOM"]
[Site "Montpellier"]
[Date "2008.03.15"]
[Round "8.1"]
[White "Anic, Darko"]
[Black "Favarel, Julien"]
[Result "1-0"]
[WhiteElo "2448"]
[BlackElo "2284"]
[PlyCount "81"]
[EventDate "2008.03.15"]

1. Nf3 Nf6 2. c4 g6 3. g3 Bg7 4. Bg2 O-O 5. O-O d6 6. d4 Nbd7 7. Nc3 e5 8. h3
exd4 9. Nxd4 Nb6 10. b3 d5 11. c5 Nbd7 12. c6 Ne5 13. cxb7 Bxb7 14. Ba3 Re8 15.
Rc1 a6 16. Na4 Ne4 17. e3 Rc8 18. Nc5 Nxc5 19. Bxc5 Nd7 20. Qc2 Ba8 21. b4 Ne5
22. Rfd1 Qf6 23. Qb3 c6 24. Qc2 Nc4 25. Bf1 a5 26. Bxc4 dxc4 27. bxa5 Re5 28.
Qxc4 Rh5 29. Qf1 Bf8 30. Nb3 Qe6 31. h4 Bxc5 32. Rxc5 Rxc5 33. Nxc5 Qxa2 34. a6
Re8 35. Qd3 h5 36. Qd4 Qc2 37. e4 Qe2 38. Rb1 Qf3 39. a7 Qg4 40. Rb8 Rc8 41.
Qd7 1-0

[Event "Montpellier II-Bordeaux ASPOM"]
[Site "Montpellier"]
[Date "2008.03.15"]
[Round "8.2"]
[White "Le Huec, Marc"]
[Black "Touzane, Olivier"]
[Result "1-0"]
[WhiteElo "2204"]
[BlackElo "2326"]
[PlyCount "99"]
[EventDate "2008.03.15"]

1. d4 Nf6 2. c4 g6 3. Nc3 Bg7 4. e4 d6 5. Be2 O-O 6. Nf3 e5 7. O-O Nc6 8. d5
Ne7 9. Ne1 Nd7 10. Nd3 f5 11. Bd2 Kh8 12. b4 c6 13. Qb3 fxe4 14. Nxe4 cxd5 15.
Nxd6 e4 16. Nf4 Ne5 17. c5 N5c6 18. Rac1 Nd4 19. Qd1 Nef5 20. Be3 Nxe2+ 21.
Nxe2 Nxd6 22. cxd6 Bg4 23. h3 Bxe2 24. Qxe2 Rf6 25. Bg5 Qxd6 26. Bxf6 Bxf6 27.
Rfd1 Re8 28. Qb5 Rf8 29. Qxd5 Qxb4 30. Qc5 Qxc5 31. Rxc5 Rf7 32. Rcd5 e3 33.
fxe3 Bh4 34. g3 Bxg3 35. R1d2 Rf3 36. Re2 Rf7 37. Kg2 Bc7 38. Red2 Bb6 39. R2d3
h5 40. a3 Rf6 41. Rd7 Rc6 42. Rxb7 Rc2+ 43. Kf3 h4 44. Rdd7 Rc8 45. Rh7+ Kg8
46. Rbg7+ Kf8 47. Rxa7 Kg8 48. Rag7+ Kf8 49. Rh8+ Kxg7 50. Rxc8 1-0

[Event "Montpellier II-Bordeaux ASPOM"]
[Site "Montpellier"]
[Date "2008.03.15"]
[Round "8.3"]
[White "Dussol, Pierre"]
[Black "Calas, Bernard"]
[Result "1-0"]
[WhiteElo "2203"]
[BlackElo "2138"]
[PlyCount "69"]
[EventDate "2008.03.15"]

1. e4 g6 2. d4 Bg7 3. Nc3 c5 4. d5 d6 5. h3 Nf6 6. Nf3 O-O 7. Bf4 b5 8. Bxb5
Nxe4 9. Nxe4 Qa5+ 10. c3 Qxb5 11. Qe2 Qa4 12. b3 Bxc3+ 13. Nfd2 Qd4 14. Nxc3
Qxf4 15. Qxe7 Bf5 16. O-O-O Na6 17. g4 Qb4 18. Kb2 Bd3 19. Qxd6 Rad8 20. Qf6
Nc7 21. Qc6 Nb5 22. Nxb5 Bxb5 23. Qf6 Rxd5 24. Nb1 Rxd1 25. Rxd1 Re8 26. Nc3
Bc4 27. h4 Be6 28. h5 c4 29. h6 Qf8 30. g5 cxb3 31. axb3 Rb8 32. Nd5 Rb7 33.
Ne7+ Rxe7 34. Rd8 Qxd8 35. Qg7# 1-0

[Event "Montpellier II-Bordeaux ASPOM"]
[Site "Montpellier"]
[Date "2008.03.15"]
[Round "8.4"]
[White "Maghrabi, Yvan"]
[Black "Hamdouchi, Adina Maria"]
[Result "1-0"]
[WhiteElo "2088"]
[BlackElo "2288"]
[PlyCount "133"]
[EventDate "2008.03.15"]

1. e4 g6 2. d4 Bg7 3. Nc3 c6 4. Nf3 d6 5. g3 Nf6 6. a4 O-O 7. Bg2 Nbd7 8. O-O
e5 9. dxe5 dxe5 10. b3 Qa5 11. Bb2 Rd8 12. Nd2 Nf8 13. Nc4 Qc7 14. Qc1 Ne8 15.
Rd1 Bg4 16. f3 Be6 17. Bf1 Bxc4 18. Bxc4 Nd6 19. Bf1 Ne6 20. Ne2 Qb6+ 21. Kh1
Qf2 22. Ng1 a5 23. Rd2 Qb6 24. Qe1 Bh6 25. Rd3 Nc5 26. Qf2 Qa7 27. Rc3 b6 28.
Bg2 Qe7 29. Bc1 Bg7 30. Be3 Ndb7 31. Ne2 Rd6 32. h4 f5 33. Bg5 Qf7 34. Rf1 h6
35. Bc1 Rf8 36. Qe1 Ne6 37. Bh3 Nbc5 38. Ba3 Rfd8 39. h5 f4 40. hxg6 Qxg6 41.
Bxe6+ Qxe6 42. Bxc5 bxc5 43. g4 h5 44. Qh4 hxg4 45. fxg4 Qg6 46. Rc4 Rd1 47.
Kg2 Qd6 48. Rf2 Re1 49. Rc3 Qd1 50. Rh3 f3+ 51. Kg3 Rg1+ 52. Nxg1 Qxg1+ 53.
Kxf3 Rf8+ 54. Ke2 Rxf2+ 55. Qxf2 Qxg4+ 56. Qf3 Qg1 57. Rh1 Qg5 58. Rf1 Qg6 59.
Qf5 Qh6 60. Rf2 Qc1 61. Qf7+ Kh8 62. Rh2+ Bh6 63. Qf6+ Kh7 64. Qe7+ Kg6 65.
Qe6+ Kh7 66. Qf5+ Kg8 67. Qg6+ 1-0

[Event "Montpellier II-Bordeaux ASPOM"]
[Site "Montpellier"]
[Date "2008.03.15"]
[Round "8.5"]
[White "Flear, Christine"]
[Black "Favarel, Antoine"]
[Result "1/2-1/2"]
[WhiteElo "2161"]
[BlackElo "2066"]
[PlyCount "85"]
[EventDate "2008.03.15"]

1. d4 d5 2. c4 e6 3. Nc3 Nf6 4. cxd5 exd5 5. Bg5 c6 6. e3 Be7 7. Bd3 O-O 8. Qc2
Nbd7 9. Nf3 Re8 10. O-O Nf8 11. Rae1 Ne4 12. Bxe7 Qxe7 13. Bxe4 dxe4 14. Nd2 f5
15. f3 exf3 16. Nxf3 Ng6 17. e4 f4 18. e5 Bg4 19. Ne4 Bxf3 20. Rxf3 Rad8 21.
Rd1 Rd5 22. Qb3 Kh8 23. Nd6 Rf8 24. Qc2 c5 25. Rh3 Qe6 26. Ne4 Qf5 27. Rc1 cxd4
28. Nf6 Rxf6 29. exf6 Qxf6 30. Qe4 Rd8 31. Rd1 Qb6 32. Kh1 f3 33. Rxf3 Qxb2 34.
a4 Qa2 35. Rdf1 Qxa4 36. Qxb7 h6 37. h3 d3 38. Rg3 d2 39. Rxg6 Rd7 40. Rxh6+
gxh6 41. Qb8+ Kh7 42. Qb1+ Kg7 43. Qf5 1/2-1/2

[Event "Montpellier II-Bordeaux ASPOM"]
[Site "Montpellier"]
[Date "2008.03.15"]
[Round "8.6"]
[White "Sallette, Alain"]
[Black "Buscara, Sevan"]
[Result "0-1"]
[WhiteElo "1967"]
[BlackElo "2126"]
[PlyCount "130"]
[EventDate "2008.03.15"]

1. d4 d5 2. c4 c6 3. Nf3 Nf6 4. Nc3 a6 5. e3 b5 6. cxd5 cxd5 7. Bd3 e6 8. O-O
Be7 9. e4 dxe4 10. Nxe4 Nbd7 11. Bf4 O-O 12. Rc1 Nd5 13. Bg3 Qb6 14. a3 Bb7 15.
b4 a5 16. Nc5 N7f6 17. Qd2 axb4 18. axb4 Rfd8 19. Rfe1 Ra3 20. Ng5 Nxb4 21.
Ngxe6 fxe6 22. Rxe6 Rxd3 23. Qg5 R3xd4 24. h3 Rd1+ 25. Kh2 Rxc1 26. Rxe7 Ne8
27. Ne6 Qxe6 28. Rxe6 Rcd1 29. Be5 R1d7 30. Re7 Rxe7 31. Qxe7 Nc6 32. Qxb7 Nxe5
33. Qxb5 Nf7 34. f4 Nf6 35. Qa5 Nd5 36. g3 Ne3 37. Kg1 g6 38. Kf2 Nc4 39. Qc7
Ncd6 40. Kf3 Nb5 41. Qb6 Nd4+ 42. Ke4 Nf5 43. g4 Ne7 44. Qc7 Kg7 45. Qc3+ Kg8
46. Kf3 Nd5 47. Qa5 h6 48. h4 Ne7 49. Qb6 Rd3+ 50. Ke4 Rd6 51. Qb8+ Kg7 52.
Qb2+ Kh7 53. Qb3 Rf6 54. Ke3 Nd6 55. Qa2 h5 56. Qa7 Ndc8 57. Qa1 hxg4 58. Qe5
Rf5 59. Qe6 Nd5+ 60. Kf2 Rxf4+ 61. Kg3 Nce7 62. Qe5 Nf5+ 63. Kg2 Nde3+ 64. Kg1
Rf1+ 65. Kh2 g3+ 0-1

[Event "Montpellier II-Bordeaux ASPOM"]
[Site "Montpellier"]
[Date "2008.03.15"]
[Round "8.7"]
[White "Guennoun, Anthony"]
[Black "Sabatier, Lionel"]
[Result "1-0"]
[WhiteElo "2163"]
[BlackElo "1810"]
[PlyCount "85"]
[EventDate "2008.03.15"]

1. e4 d6 2. d4 Nf6 3. Nc3 g6 4. h3 Bg7 5. Nf3 c5 6. dxc5 Qa5 7. Bd3 Qxc5 8. Be3
Qc7 9. O-O a6 10. Qd2 h6 11. Rfe1 Nc6 12. Nd5 Nxd5 13. exd5 Ne5 14. Nxe5 dxe5
15. c4 f5 16. f3 e6 17. Bf1 exd5 18. cxd5 f4 19. Bxf4 O-O 20. Bxh6 Re8 21. Bxg7
Kxg7 22. Bd3 Qc5+ 23. Qe3 Qxd5 24. f4 Bd7 25. fxe5 Bc6 26. Qg3 Re6 27. Bf5 Rae8
28. Bxe6 Rxe6 29. b3 Bd7 30. Rad1 Qc5+ 31. Qe3 Qxe3+ 32. Rxe3 Bc6 33. Rd6 Kf7
34. g4 Ke7 35. Rxe6+ Kxe6 36. h4 Be8 37. Kf2 a5 38. Kg3 b5 39. Kf4 a4 40. Kg5
axb3 41. axb3 Kf7 42. e6+ Kg7 43. Rd3 1-0

[Event "Montpellier II-Bordeaux ASPOM"]
[Site "Montpellier"]
[Date "2008.03.15"]
[Round "8.8"]
[White "Garma, Jovanka"]
[Black "Gelis, Dorian"]
[Result "0-1"]
[WhiteElo "1770"]
[BlackElo "2134"]
[PlyCount "50"]
[EventDate "2008.03.15"]

1. Nf3 d6 2. e4 Nf6 3. Nc3 e5 4. d4 Nbd7 5. Bc4 Be7 6. a3 O-O 7. b4 c6 8. O-O
b5 9. Bb3 a5 10. Bb2 Bb7 11. Re1 Qb6 12. Nb1 exd4 13. Nxd4 c5 14. Nf5 Rfe8 15.
Nc3 c4 16. Ba2 axb4 17. axb4 Bf8 18. Qd2 Nxe4 19. Nxe4 Bxe4 20. Ng3 Bg6 21. Bd4
Qc6 22. c3 Be7 23. Qb2 Bf6 24. Ne2 Ne5 25. Nc1 Nf3+ 0-1

[Event "Ramonville-L'Isle sur la Sorgue"]
[Site "Montpellier"]
[Date "2008.03.15"]
[Round "8.1"]
[White "Lejarre, Ludovic"]
[Black "Fish, Gennadij"]
[Result "1/2-1/2"]
[WhiteElo "2401"]
[BlackElo "2546"]
[PlyCount "80"]
[EventDate "2008.03.15"]
[WhiteTeam "Ramonville"]
[BlackTeam "L'Isle sur la Sorgue"]

1. e4 c5 2. Nf3 e6 3. Nc3 a6 4. d4 cxd4 5. Nxd4 Qc7 6. Be2 Nf6 7. O-O Nc6 8.
Be3 Bb4 9. Na4 Be7 10. c4 O-O 11. Rc1 Nxe4 12. c5 f5 13. f4 d5 14. cxd6 Bxd6
15. Nxc6 bxc6 16. Qc2 Bb7 17. Nb6 Rad8 18. Nc4 c5 19. Nxd6 Qxd6 20. Rfd1 Bd5
21. Bd3 Qb6 22. b3 Rc8 23. Bxe4 Bxe4 24. Qf2 Rfd8 25. Rxd8+ Qxd8 26. Bxc5 a5
27. a3 Qd5 28. b4 axb4 29. axb4 Ra8 30. Bd4 Ra2 31. Bb2 h6 32. Ra1 Rxa1+ 33.
Bxa1 Qb3 34. h3 Qb1+ 35. Qf1 Qxb4 36. Be5 Kh7 37. Qf2 Qe7 38. Kh2 Qf7 39. Qg3
Bd5 40. Bd4 Qg6 1/2-1/2

[Event "Ramonville-L'Isle sur la Sorgue"]
[Site "Montpellier"]
[Date "2008.03.15"]
[Round "8.2"]
[White "Dimitrov, Christo"]
[Black "Gachon, Lionel"]
[Result "1/2-1/2"]
[WhiteElo "2286"]
[BlackElo "2288"]
[PlyCount "90"]
[EventDate "2008.03.15"]
[WhiteTeam "L'Isle sur la Sorgue"]
[BlackTeam "Ramonville"]

1. e4 g6 2. d4 Bg7 3. Nc3 d6 4. g3 Nd7 5. Bg2 c5 6. Nge2 Ngf6 7. O-O Rb8 8. a4
O-O 9. h3 b6 10. Be3 cxd4 11. Bxd4 Bb7 12. g4 h6 13. Qd2 Ne5 14. b3 Rc8 15. Nd5
e6 16. Nxf6+ Bxf6 17. Rad1 Qe7 18. c4 Rfd8 19. a5 Nd7 20. axb6 axb6 21. Bxf6
Nxf6 22. Qe3 Kh7 23. Nc3 Nd7 24. Nb5 Nc5 25. Rd4 Bc6 26. Rfd1 e5 27. R4d2 Bxb5
28. cxb5 Rb8 29. f4 Ne6 30. fxe5 dxe5 31. Rxd8 Rxd8 32. Rxd8 Qxd8 33. Bf1 Qd4
34. Qxd4 Nxd4 35. Bc4 Kg7 36. Kf2 Kf6 37. Ke3 Ke7 38. Kd3 g5 39. Ke3 f6 40. Kd3
Kd6 41. b4 Ke7 42. Kd2 Nf3+ 43. Ke3 Nh4 44. Bf1 Kd6 45. Kd2 Nf3+ 1/2-1/2

[Event "Ramonville-L'Isle sur la Sorgue"]
[Site "Montpellier"]
[Date "2008.03.15"]
[Round "8.3"]
[White "Franca, Ricardo Bedin"]
[Black "Weill, Roland"]
[Result "1-0"]
[WhiteElo "2240"]
[BlackElo "2232"]
[PlyCount "89"]
[EventDate "2008.03.15"]
[WhiteTeam "Ramonville"]
[BlackTeam "L'Isle sur la Sorgue"]

1. e4 e5 2. Nf3 Nc6 3. Bb5 a6 4. Ba4 d6 5. c3 Bd7 6. d4 Nf6 7. Nbd2 Be7 8. O-O
O-O 9. Re1 Re8 10. Nf1 h6 11. Ng3 Bf8 12. h3 g6 13. Bc2 Bg7 14. a4 exd4 15.
Nxd4 d5 16. Nb3 dxe4 17. Nxe4 Nxe4 18. Bxe4 Qh4 19. Qxd7 Rxe4 20. Rxe4 Qxe4 21.
Be3 Qc2 22. Nc5 Rd8 23. Qg4 Qxb2 24. Rc1 Ne5 25. Qe4 b6 26. Nxa6 Nd3 27. Rf1
Qxc3 28. Qe7 Qf6 29. Qxc7 Re8 30. Rd1 Rxe3 31. fxe3 Qf2+ 32. Kh1 Ne1 33. Qh2
Nf3 34. Qf4 Qe2 35. Qxf3 Qxa6 36. Rd8+ Bf8 37. Qa8 Qxa8 38. Rxa8 Kg7 39. Rc8
Bb4 40. Rc6 Ba5 41. e4 Kf8 42. e5 Ke7 43. g4 Kd7 44. Rf6 Ke7 45. Kg2 1-0

[Event "Ramonville-L'Isle sur la Sorgue"]
[Site "Montpellier"]
[Date "2008.03.15"]
[Round "8.4"]
[White "Moncamp, Gilles"]
[Black "Daloz, Jean Michel"]
[Result "1-0"]
[WhiteElo "2223"]
[BlackElo "2175"]
[PlyCount "49"]
[EventDate "2008.03.15"]
[WhiteTeam "L'Isle sur la Sorgue"]
[BlackTeam "Ramonville"]

1. e4 c5 2. Nf3 Nc6 3. Bb5 g6 4. O-O Bg7 5. c3 Nf6 6. e5 Nd5 7. d4 cxd4 8. cxd4
O-O 9. Nc3 Nxc3 10. bxc3 d5 11. a4 f6 12. exf6 exf6 13. Ba3 Re8 14. Qb3 Bg4 15.
Rfe1 Qd7 16. Nd2 a6 17. Bd3 Rac8 18. Ne4 Na5 19. Qa2 Qxa4 20. Nd6 Rxe1+ 21.
Rxe1 Nc4 22. Bxc4 dxc4 23. Nxc8 Bxc8 24. Qe2 Qxa3 25. Qxc4+ 1-0

[Event "Ramonville-L'Isle sur la Sorgue"]
[Site "Montpellier"]
[Date "2008.03.15"]
[Round "8.5"]
[White "Galby, Vassili"]
[Black "Vanderbeeken, Mikael"]
[Result "1-0"]
[WhiteElo "2069"]
[BlackElo "2096"]
[PlyCount "79"]
[EventDate "2008.03.15"]
[WhiteTeam "Ramonville"]
[BlackTeam "L'Isle sur la Sorgue"]

1. Nf3 Nf6 2. c4 d5 3. cxd5 Nxd5 4. e4 Nf6 5. Nc3 c6 6. d4 g6 7. Be2 Bg7 8. h3
O-O 9. O-O b5 10. Qc2 Qa5 11. Be3 b4 12. Nb1 b3 13. Qc3 Qxc3 14. Nxc3 bxa2 15.
Rxa2 Be6 16. Ra5 Nbd7 17. b4 Rfb8 18. b5 Nb6 19. Nd2 cxb5 20. d5 Bd7 21. Nxb5
Bxb5 22. Bxb5 Rd8 23. Bc6 Rac8 24. Rxa7 Nbd7 25. Rb1 Ne5 26. Rbb7 Nxc6 27. dxc6
Rxc6 28. Rxe7 Rf8 29. Nf3 Re6 30. Rxe6 fxe6 31. Bd4 Ne8 32. Bxg7 Nxg7 33. Ne5
Re8 34. Ng4 Rf8 35. Nh6+ Kh8 36. f3 Nh5 37. Nf7+ Kg8 38. Ng5 Nf4 39. Nxh7 Rb8
40. Nf6+ 1-0

[Event "Ramonville-L'Isle sur la Sorgue"]
[Site "Montpellier"]
[Date "2008.03.15"]
[Round "8.6"]
[White "Sibirko, Ivan"]
[Black "Iwanesko, Alexandre"]
[Result "1-0"]
[WhiteElo "2073"]
[BlackElo "2010"]
[PlyCount "71"]
[EventDate "2008.03.15"]
[WhiteTeam "L'Isle sur la Sorgue"]
[BlackTeam "Ramonville"]

1. d4 Nf6 2. c4 g6 3. Nc3 Bg7 4. e4 d6 5. g3 O-O 6. Bg2 Nc6 7. Nge2 e5 8. O-O
exd4 9. Nxd4 Nxd4 10. Qxd4 Re8 11. Qd2 Be6 12. b3 Qd7 13. Re1 c6 14. Bb2 Rad8
15. Rad1 Bh3 16. Bh1 b5 17. cxb5 cxb5 18. Ba3 a5 19. Bxd6 b4 20. Na4 Ng4 21.
Qd5 Re6 22. Nc5 Qxd6 23. Nxe6 Qxd5 24. exd5 fxe6 25. dxe6 Rxd1 26. Rxd1 Kf8 27.
Rd8+ Ke7 28. Rd7+ Kf6 29. e7 Ne5 30. e8=Q Bxd7 31. Qd8+ Ke6 32. Qg8+ Kf6 33.
Bd5 Bc6 34. Qd8+ Kf5 35. Bxc6 Nxc6 36. Qd7+ 1-0

[Event "Ramonville-L'Isle sur la Sorgue"]
[Site "Montpellier"]
[Date "2008.03.15"]
[Round "8.7"]
[White "Huchet, Francois"]
[Black "Lallement, Victor"]
[Result "0-1"]
[WhiteElo "2090"]
[BlackElo "2083"]
[PlyCount "72"]
[EventDate "2008.03.15"]
[WhiteTeam "Ramonville"]
[BlackTeam "L'Isle sur la Sorgue"]

1. e4 c5 2. Nf3 d6 3. d4 cxd4 4. Nxd4 Nf6 5. Nc3 a6 6. Bg5 e6 7. f4 Nbd7 8. Qf3
Qc7 9. O-O-O b5 10. a3 Bb7 11. g4 Rc8 12. Bxf6 Nxf6 13. g5 Nd7 14. Bd3 Qb6 15.
Nce2 Nc5 16. b4 Na4 17. f5 e5 18. Nb3 Qc7 19. g6 f6 20. gxh7 Rxh7 21. Kb1 Qf7
22. Rc1 Be7 23. Na5 Bd8 24. Nxb7 Qxb7 25. c4 Qf7 26. Bc2 Nb6 27. cxb5 Nc4 28.
Qd3 axb5 29. Bb3 Nxa3+ 30. Kb2 Nc4+ 31. Rxc4 bxc4 32. Ba4+ Ke7 33. Qe3 Kf8 34.
Nc3 Ra8 35. Bc6 Qa7 36. Bxa8 Qxe3 0-1

[Event "Ramonville-L'Isle sur la Sorgue"]
[Site "Montpellier"]
[Date "2008.03.15"]
[Round "8.8"]
[White "Dubois, Martine"]
[Black "Bolon, Karelle"]
[Result "1-0"]
[WhiteElo "1995"]
[BlackElo "2105"]
[PlyCount "63"]
[EventDate "2008.03.15"]
[WhiteTeam "L'Isle sur la Sorgue"]
[BlackTeam "Ramonville"]

1. e4 c5 2. c3 Nf6 3. e5 Nd5 4. d4 cxd4 5. Nf3 e6 6. cxd4 b6 7. Bd3 Be7 8. O-O
Bb7 9. Nc3 Nxc3 10. bxc3 Qc7 11. Bd2 d6 12. Re1 Nd7 13. Kh1 h6 14. c4 dxe5 15.
Nxe5 Nxe5 16. dxe5 Rd8 17. Bf4 Qc6 18. f3 O-O 19. Qe2 Ba6 20. a4 Rc8 21. Rec1
Bb4 22. Qe3 Bc5 23. Qe2 Rfd8 24. Ra2 Rd4 25. Be3 Rh4 26. g3 Rh5 27. Be4 Qc7 28.
Bxc5 Qxc5 29. f4 Qd4 30. Rd2 Rxc4 31. Rxc4 Qa1+ 32. Kg2 1-0

[Event "Saint Affrique-Vitrolles"]
[Site "Montpellier"]
[Date "2008.03.15"]
[Round "8.1"]
[White "Georgiev, Krum"]
[Black "Abello, Sebastien"]
[Result "1-0"]
[WhiteElo "2466"]
[BlackElo "2275"]
[PlyCount "79"]
[EventDate "2008.03.15"]
[WhiteTeam "Saint Affrique"]
[BlackTeam "Vitrolles"]

1. e4 c5 2. Nf3 e6 3. b3 a6 4. Bb2 Nc6 5. c4 Qc7 6. g3 Rb8 7. Bg2 d6 8. d4 cxd4
9. Nxd4 Nf6 10. O-O Bd7 11. Nc3 Be7 12. Rc1 Nxd4 13. Qxd4 O-O 14. h3 Rfd8 15.
Kh2 Qa5 16. a4 Qb4 17. Qd1 b5 18. Na2 Qa5 19. Bc3 b4 20. Bd4 Qc7 21. Qe2 a5 22.
Rcd1 Bc6 23. Nc1 Qb7 24. Rfe1 Rd7 25. Nd3 Rbd8 26. Qe3 Ne8 27. Rd2 Bf6 28. Red1
Bxd4 29. Qxd4 Nf6 30. f3 h6 31. Nf2 d5 32. cxd5 exd5 33. e5 Ne8 34. Nd3 Re7 35.
f4 Nc7 36. f5 Ree8 37. Rc1 Bd7 38. g4 Qb8 39. Qc5 Na6 40. Qxa5 1-0

[Event "Saint Affrique-Vitrolles"]
[Site "Montpellier"]
[Date "2008.03.15"]
[Round "8.2"]
[White "Midoux, Sebastien"]
[Black "Boyd, Stephen"]
[Result "1-0"]
[WhiteElo "2338"]
[BlackElo "2336"]
[PlyCount "123"]
[EventDate "2008.03.15"]
[WhiteTeam "Vitrolles"]
[BlackTeam "Saint Affrique"]

1. c4 g6 2. Nc3 Bg7 3. g3 e5 4. Bg2 Nc6 5. e3 d6 6. Nge2 h5 7. h3 Nh6 8. Rb1 h4
9. g4 f5 10. gxf5 Bxf5 11. d3 Qd7 12. b4 O-O 13. b5 Nd8 14. e4 Be6 15. Bg5 Nhf7
16. Bxh4 Bh6 17. Bg3 Ng5 18. Ng1 Nh7 19. Nd5 c6 20. bxc6 bxc6 21. Ne3 Nf6 22.
Bf3 Nf7 23. Kf1 d5 24. cxd5 cxd5 25. Ng4 Nxg4 26. Bxg4 Rad8 27. Bxe6 Qxe6 28.
Qb3 Qa6 29. exd5 Qd6 30. Qc4 Qxd5 31. Qxd5 Rxd5 32. Rb3 Rfd8 33. Ke2 Rc8 34.
Ra3 a5 35. Nf3 Rc2+ 36. Kf1 Bf8 37. Ra4 Rxd3 38. Kg2 Ra3 39. Rg4 Raxa2 40.
Rxg6+ Bg7 41. Rb1 Kh7 42. Re6 Rc7 43. Rb5 a4 44. Ra6 Re7 45. Nh4 Nh6 46. Ng6
Rf7 47. Nxe5 Bxe5 48. Rxe5 Nf5 49. Bf4 Ra3 50. Bg5 Nd4 51. Re7 Rxe7 52. Bxe7
Ra2 53. h4 Nf5 54. Bg5 a3 55. h5 Ng7 56. Ra7 Kg8 57. h6 Nh5 58. h7+ Kh8 59. Be3
Nf6 60. Bd4 Rxf2+ 61. Kxf2 a2 62. Bxf6# 1-0

[Event "Saint Affrique-Vitrolles"]
[Site "Montpellier"]
[Date "2008.03.15"]
[Round "8.3"]
[White "Djingarova, Emilia"]
[Black "Gaudineau, Eric"]
[Result "0-1"]
[WhiteElo "2296"]
[BlackElo "2334"]
[PlyCount "80"]
[EventDate "2008.03.15"]
[WhiteTeam "Saint Affrique"]
[BlackTeam "Vitrolles"]

1. e4 e5 2. Nf3 Nc6 3. Bb5 a6 4. Ba4 Nf6 5. O-O b5 6. Bb3 Bc5 7. c3 d6 8. h3
O-O 9. d4 Bb6 10. Bg5 h6 11. Bh4 Bb7 12. Bd5 Re8 13. a4 Rb8 14. axb5 axb5 15.
Na3 exd4 16. cxd4 g5 17. Bg3 Nxd5 18. exd5 Ne7 19. Nxb5 Nxd5 20. h4 f5 21. hxg5
hxg5 22. Nd2 Qf6 23. Nc4 f4 24. Nxb6 cxb6 25. Ra7 Re7 26. Bh2 Rh7 27. Qb3 Qh6
28. Qh3 Qg6 29. Qb3 Qh5 30. Qh3 Qg6 31. Qb3 Kh8 32. Rfa1 Qe6 33. Qa3 Re8 34.
Rf1 Qh6 35. Qh3 Qg6 36. Qb3 Qe6 37. Qa3 Rd8 38. Rc1 g4 39. Rxb7 Rxb7 40. Nc3
Re7 0-1